Statystyki dla W jakich klubach grali

Kliknij tutaj aby rozwiązać quiz!

Ogólne statystyki

  • Ten quiz został rozwiązany 130 razy
  • Średni wynik to 9 z 11

Statystyki odpowiedzi

HintOdpowiedź% Poprawnych
Leo MessiFC Barcelona, PSG
100%
Neymar JrSantos, FC Barcelona, PSG
98%
Cristiano RonaldoSporting Lizbona, Manchester Unied, Real Madryt Juventus
98%
Andres IniestaFC Barcelona, Vissel Kobe
94%
Wayne RooneyEverton, Manchester United, D.C. United, Derby County
93%
Jari LitmanenReipas Lahti, HJK Helsinki, MYPA, Ajax, FC Barcelona, FC Liverpool, Hansa Rostock, Malmo FF, FC Fulham
93%
David GinolaSC Toulon Var, RC Paris, Brest Armorique, PSG, Newcastle, Tottenham, Aston Villa, Everton
89%
Francesco TottiAS Roma
80%
Kuba BłaszczykowskiKS Stradom, Wisła Kraków, BVB, AC Fiorentina, WFL Wolfsburg
79%
Fernando MorientesAlbacete, Real Zaragoza, Real Madryt, AS Monaco, FC Liverpool, Valencia CF, OL Marseille, Santa Ana CF
77%
Julian Nagelsmann1860 Munchen II, FC Augsburg II
3%

Rozkład punktacji

Percentyl według liczby udzielonych odpowiedzi

Procent ludzi z każdym wynikiem

Twoja historia wyników

Nie rozwiązałeś tego quizu